[Event "DFMMLV 2017"]
[Site "Braunfels"]
[Date "2017.06.18"]
[Round "5"]
[White "Zahn, Nicol"]
[Black "Zpevakova, Jana"]
[Result "0-1"]
[WhiteElo "1863"]
[BlackElo "2093"]
[Annotator "NA"]
[PlyCount "110"]
[EventDate "2017.??.??"]
[EventType "team-tourn"]
[EventCountry "GER"]
[SourceTitle "playchess.com"]
[Source "ChessBase"]
[SourceQuality "1"]
[TimeControl "40/5400+30:1800+30"]

{[%evp 17,109,8,3,-32,0,-28,-38,-42,-3,-90,-8,-25,-1,-24,12,-255,-24,-20,-13,-45,-58,32767,-66,-52,-70,-79,24,-71,32767,-18,22,-31,48,-143,-114,-136,32767,32767,32767,32767,32767,32767,32767,32767,32767,32767,32767,32767,32767,32767,32767,32767,32767,-308,32767,32767,32767,32767,-343,32767,-96,-126,32767,-254,32767,32767,32767,32767,32767,32767,32767,32767,-166,32767,32767,-259,-76,-501,32767,-670,32767,32767,32767,32767,-1522,-5539,32767,32767,-29985,-29983,32767,32767,32767,-29995]} 1. e4 {[%emt 0:00:00]} e6 {[%emt 0:00:08]} 2. d3 {[%emt 0:00:00]} d5 {[%emt 0:00:05]} 3. Nd2 {[%emt 0:00:00]} Bd6 {[%emt 0:00:13]} 4. Ngf3 {[%emt 0:00:00]} c5 {[%emt 0:00:12]} 5. g3 {[%emt 0:00:00]} Nc6 {[%emt 0:00:19]} 6. Bg2 {[%emt 0:00:00]} Nge7 {[%emt 0:00:08]} 7. O-O {[%emt 0:00:00]} O-O {[%emt 0:00:05]} 8. Re1 {[%emt 0:01:00]} Bc7 {[%emt 0:00:05]} 9. c3 {[%emt 0:10:36]} b6 {[%emt 0:00:15] LiveBook: 44 Games} 10. h4 {[%emt 0:03:37] A08: King's Indian Attack} (10. a3 a5 11. a4 Ba6 12. Qc2 Ng6 13. exd5 exd5 14. Nb3 Nce5 15. Nxe5 Nxe5 16. Rd1 Rc8 17. d4 Nd3 18. Rxd3 Bxd3 19. Qxd3 {1-0 (28) Ivanchuk,V (2747)-Korobov,A (2692) Doha 2016}) 10... Ba6 {[%emt 0:02:45]} 11. Bf1 $146 {[%emt 0:14:06]} ({Predecessor:} 11. Nf1 d4 12. c4 b5 13. b3 Ba5 14. Bd2 bxc4 15. dxc4 e5 16. h5 Bc8 17. Nh4 Bxd2 18. Qxd2 {½-½ (44) Roinos,I (2106)-Nikolaidis,I (2554) Athens 2016}) 11... Qd7 {[%emt 0:03:08]} 12. Qa4 {[%emt 0:03:55]} Bb7 {[%emt 0:03:01]} 13. d4 {[%emt 0:08:04]} (13. b4 $11) 13... Rad8 {[%emt 0:04:43]} ({Black should play} 13... dxe4 $17 14. Rxe4 Qd5) 14. dxc5 {[%emt 0:03:04]} bxc5 {[%emt 0:00:11]} 15. exd5 {[%emt 0:10:14]} Nxd5 {[%emt 0:02:05]} 16. Ne4 $2 {[%emt 0:05:35]} (16. Qb5 $11 {and White has nothing to worry.} Bb6 17. Nc4) 16... Bb6 $2 {[%emt 0:03:02]} (16... Ne5 $19 17. Nxe5 Qxa4 18. Nxc5 Qe8 19. Nxb7 Rb8) 17. Qc2 {[%emt 0:01:57]} f6 {[%emt 0:05:10]} 18. Bd2 {[%emt 0:11:37]} Rfe8 {[%emt 0:02:25]} 19. Rad1 {[%emt 0:09:20]} f5 {[%emt 0:06:15]} 20. Neg5 {[%emt 0:00:04]} h6 {[%emt 0:00:08]} 21. Nh3 {[%emt 0:00:03]} Qf7 {[%emt 0:01:57]} (21... Nf6 $15 22. Be2 Qc8) 22. Bc1 {[%emt 0:05:43]} (22. Bf4 $11) 22... Bc7 {[%emt 0:04:19]} 23. Bg2 {[%emt 0:05:03]} Kh8 {[%emt 0:05:10]} 24. a3 {[%emt 0:02:48]} e5 {[%emt 0:04:30] [#]} ({Black should try} 24... Kg8 $11) 25. c4 $2 {[%emt 0:00:39]} (25. Nfg5 $1 $14 {[%mdl 512] was the only good move.} Qg8 (25... hxg5 26. Nxg5) 26. Qxf5 hxg5 27. Bxd5 Rxd5 28. Nxg5 (28. Rxd5 Qxd5 29. Nxg5 Kg8 $14)) 25... Nb6 {[%emt 0:00:48]} 26. Rxd8 {[%emt 0:00:04]} Bxd8 {[%emt 0:04:09]} 27. b3 {[%emt 0:00:03]} e4 {[%emt 0:01:32]} 28. Nh2 {[%emt 0:00:32]} Nd4 {[%emt 0:00:37]} 29. Qb1 {[%emt 0:01:54]} Nd7 {[%emt 0:02:27]} 30. Bb2 {[%emt 0:01:48]} Ne5 {[%emt 0:02:50]} 31. Bxd4 {[%emt 0:00:05]} cxd4 {[%emt 0:00:19]} 32. Nf4 {[%emt 0:02:00]} Bb6 {[%emt 0:01:44]} 33. Ne2 $1 $11 {[%emt 0:01:44] and White has nothing to worry.} Nd3 {[%emt 0:01:58]} (33... Qe7 34. Nf4) 34. Rf1 {[%emt 0:00:24]} Ne5 {[%emt 0:04:51]} 35. Nf4 $2 {[%emt 0:00:04]} g5 {[%emt 0:01:43]} 36. hxg5 {[%emt 0:00:06]} hxg5 {[%emt 0:00:05]} 37. Nh3 {[%emt 0:00:23]} Qh5 {[%emt 0:03:34]} 38. Qd1 {[%emt 0:00:37]} Nf3+ $2 {[%emt 0:01:55]} (38... Qxd1 $19 {is more deadly.} 39. Rxd1 Rg8) 39. Nxf3 {[%emt 0:01:27]} exf3 {[%emt 0:00:05]} 40. Nxg5 {[%emt 0:00:22]} (40. Re1 $17) 40... Qxg5 {[%emt 0:31:23]} 41. Bxf3 {[%emt 0:30:12]} Bxf3 {[%emt 0:01:04]} 42. Qxf3 {[%emt 0:00:04]} Re4 {[%emt 0:00:15]} 43. Kg2 {[%emt 0:01:00]} Qg4 {[%emt 0:01:05]} 44. Rh1+ {[%emt 0:00:04]} Kg7 {[%emt 0:01:23]} 45. Qxg4+ {[%emt 0:00:00]} fxg4 {[%emt 0:00:00]} 46. Rd1 {[%emt 0:00:00]} Re2 $2 {[%emt 0:00:00]} (46... Bd8 $19 47. Kf1 Kf6) 47. Rd3 $2 {[%emt 0:00:00]} (47. b4 $17 {was the crucial defense.}) 47... Rc2 {[%emt 0:00:00]} 48. b4 {[%emt 0:00:00]} Rxc4 {[%emt 0:00:00]} 49. Kf1 {[%emt 0:00:00]} Kf6 {[%emt 0:00:00]} 50. Rd2 {[%emt 0:00:00]} Ke5 {[%emt 0:00:00]} 51. Ke2 {[%emt 0:00:00]} Ke4 {[%emt 0:00:00]} 52. Ke1 {[%emt 0:00:00]} d3 {[%emt 0:00:00]} 53. Kd1 {[%emt 0:00:00]} Bd8 {[%emt 0:00:00]} 54. f4 {[%emt 0:00:00]} gxf3 {[%emt 0:00:00]} 55. Rh2 {[%emt 0:00:00]} Bg5 {[%emt 0:00:00]} 0-1

[Event "DFMMLV 2017"]
[Site "Braunfels"]
[Date "2017.06.18"]
[Round "5"]
[White "Hartmann, Cora"]
[Black "Mehling, Katharina"]
[Result "1/2-1/2"]
[WhiteElo "1788"]
[BlackElo "1905"]
[Annotator "NA RC"]
[PlyCount "98"]
[EventDate "2017.??.??"]
[EventType "team-tourn"]
[EventCountry "GER"]
[SourceTitle "playchess.com"]
[Source "ChessBase"]
[SourceQuality "1"]
[TimeControl "40/5400+30:1800+30"]

{[%evp 8,97,30,25,49,4,55,54,95,82,112,79,77,79,85,79,75,85,111,32767,118,102,32767,102,80,74,73,77,63,28,34,23,26,11,20,32767,32767,32767,32767,32767,32767,32767,15,32767,32767,32767,32767,32767,32767,32767,32767,32767,32767,32767,32767,32767,32767,15,8,0,12,32767,32767,32767,32767,32767,32767,32767,32767,32767,39,51,32767,32767,32767,32767,23,32767,-45,32767,-44,32767,-5,32767,32767,32767,32767,-8,32767,32767,-70,-94]} 1. e4 {[%emt 0:00:00]} d6 {[%emt 0:00:11]} 2. d4 {[%emt 0:00:00]} Nf6 {[%emt 0:00:05]} 3. Nc3 {[%emt 0:01:47]} g6 {[%emt 0:03:31]} 4. f4 {[%emt 0:01:31]} Bg7 {[%emt 0:01:22] LiveBook: 5098 Games} 5. Nf3 {[%emt 0:00:42]} O-O {[%emt 0:01:49]} 6. Bc4 {[%emt 0:07:04]} c6 {[%emt 0:09:51]} (6... Nxe4 $5 7. Bxf7+ (7. Nxe4 d5 $11) 7... Rxf7 8. Nxe4 d5 $11) 7. Bb3 {[%emt 0:03:35] B09: Pirc Defence: Austrian Attack} h6 $146 {[%emt 0:12:58]} ({Predecessor:} 7... d5 8. e5 Ne8 9. O-O Bg4 10. Be3 f6 11. Ne4 Nc7 12. c3 Kh8 13. Ng3 {½-½ (13) Georgiev,K (2485)-Chatalbashev,B (2507) Sunny Beach 2006}) 8. O-O {[%emt 0:01:47]} Kh7 {[%emt 0:10:32]} 9. h3 {[%emt 0:12:47]} d5 {[%emt 0:06:00]} 10. e5 {[%emt 0:05:20]} Ne4 {[%emt 0:02:30]} 11. Qe1 {[%emt 0:08:57]} Nxc3 {[%emt 0:10:58]} 12. Qxc3 {[%emt 0:00:55]} f5 {[%emt 0:01:46]} 13. Qe1 {[%emt 0:06:42]} b6 {[%emt 0:03:43]} 14. Be3 {[%emt 0:01:41]} a5 {[%emt 0:02:27]} 15. c3 {[%emt 0:02:50]} Ba6 {[%emt 0:02:28]} 16. Rf2 {[%emt 0:02:58]} Bd3 {[%emt 0:00:28]} 17. Rd1 {[%emt 0:07:16]} Be4 {[%emt 0:00:10]} 18. Nd2 {[%emt 0:00:15]} a4 {[%emt 0:06:06]} 19. Nxe4 {[%emt 0:01:12]} axb3 {[%emt 0:03:06]} 20. Nd2 {[%emt 0:00:56]} bxa2 21. Ra1 Nd7 {[%emt 0:02:39]} 22. Nb3 {[%emt 0:03:00]} Ra6 {[%emt 0:00:58]} 23. Nc1 {[%emt 0:00:45]} Qc7 {[%emt 0:01:05]} 24. b3 {[%emt 0:03:13]} Rfa8 {[%emt 0:00:26]} 25. Rc2 {[%emt 0:06:45]} Qb7 {[%emt 0:02:31]} 26. Qe2 {[%emt 0:01:07]} R8a7 {[%emt 0:00:39]} 27. Rcxa2 {[%emt 0:01:23]} Nb8 {[%emt 0:01:38]} 28. Rxa6 {[%emt 0:03:47]} Rxa6 {[%emt 0:00:06]} 29. Rxa6 {[%emt 0:00:10]} Qxa6 {[%emt 0:00:06]} 30. Qxa6 {[%emt 0:00:25]} Nxa6 {[%emt 0:00:11]} 31. Nd3 {[%emt 0:00:39]} e6 {[%emt 0:01:24]} 32. g4 {[%emt 0:04:24]} fxg4 {[%emt 0:03:32]} 33. hxg4 {[%emt 0:00:56]} h5 {[%emt 0:00:14]} 34. Kg2 {[%emt 0:03:41]} Bf8 {[%emt 0:01:36]} 35. Kh3 {[%emt 0:00:32]} Be7 {[%emt 0:02:53]} 36. Bf2 {[%emt 0:00:30]} Nc7 {[%emt 0:00:22]} 37. gxh5 {[%emt 0:03:38]} gxh5 {[%emt 0:00:30]} 38. Bh4 {[%emt 0:04:25]} Bf8 {[%emt 0:04:14]} (38... Bxh4 $15 39. Kxh4 Kg6) 39. Bd8 {[%emt 0:00:11]} Nb5 {[%emt 0:00:18]} 40. Bxb6 {[%emt 0:00:00]} Nxc3 {[%emt 0:11:25]} 41. Bc5 {[%emt 0:06:05]} Bh6 {[%emt 0:08:00]} 42. Nb4 {[%emt 0:00:11]} Bxf4 {[%emt 0:04:26]} 43. Nxc6 {[%emt 0:04:57]} Kg6 {[%emt 0:05:05]} 44. b4 {[%emt 0:04:20]} Kf5 {[%emt 0:02:13]} 45. Kh4 {[%emt 0:02:26]} Kg6 {[%emt 0:00:25]} 46. Na7 {[%emt 0:02:40]} Ne4 {[%emt 0:01:37]} 47. Be7 {[%emt 0:00:18]} Be3 48. Nc6 {[%emt 0:01:18] [#]} Nc3 $1 {[%emt 0:01:13]} 49. Bc5 $17 Nb5 1/2-1/2

[Event "DFMMLV 2017"]
[Site "Braunfels"]
[Date "2017.06.18"]
[Round "5"]
[White "Mueller, Manon"]
[Black "Rempel, Yana"]
[Result "1/2-1/2"]
[WhiteElo "1781"]
[BlackElo "2059"]
[Annotator "NA RC"]
[PlyCount "120"]
[EventDate "2017.??.??"]
[EventType "team-tourn"]
[EventCountry "GER"]
[SourceTitle "playchess.com"]
[Source "ChessBase"]
[SourceQuality "1"]
[TimeControl "40/5400+30:1800+30"]

{[%evp 9,120,0,2,2,9,-14,8,0,34,15,21,16,14,12,15,8,25,14,39,16,21,13,32767,13,32767,32767,32,30,31,-16,-22,-30,0,0,32767,-31,-29,32767,32767,32767,32767,32767,32767,32767,32767,32767,32767,32767,32767,32767,-109,32767,32767,-182,-121,-132,32767,-135,-133,-137,-131,-141,-132,32767,32767,-137,-116,32767,-111,32767,32767,-265,32767,-215,32767,-272,-291,-308,32767,-237,-227,-463,-613,32767,32767,32767,-515,-375,32767,32767,32767,32767,32767,32767,32767,32767,-788,-606,-12839,32767,-1555,-2205,-12842,-1171,-1689,-3051,-1136,-29987,-29988,-12851,-29989,-29992,-284]} 1. d4 {[%emt 0:00:00]} g6 {[%emt 0:00:24]} 2. Nf3 {[%emt 0:00:00]} c5 {[%emt 0:00:29]} 3. c4 {[%emt 0:01:40]} cxd4 {[%emt 0:00:19]} 4. Nxd4 {[%emt 0:01:44]} Bg7 {[%emt 0:00:20]} 5. e3 {[%emt 0:10:12]} Nc6 {[%emt 0:01:43]} 6. Nc3 {[%emt 0:05:07]} Nf6 {[%emt 0:02:10]} 7. g3 {[%emt 0:03:19]} d6 {[%emt 0:01:44]} 8. Bg2 {[%emt 0:02:10]} Bd7 {[%emt 0:00:13]} 9. O-O {[%emt 0:02:45]} O-O {[%emt 0:00:19]} 10. b3 {[%emt 0:02:30]} Rc8 {[%emt 0:07:28]} 11. Bb2 {[%emt 0:01:55]} Qa5 {[%emt 0:08:37]} 12. Re1 {[%emt 0:06:43] E60: King's Indian: Unusual lines and Fianchetto Variation without Nc3} Bg4 $146 {[%emt 0:05:36]} ({Predecessor:} 12... Rfe8 13. Rc1 a6 14. a3 b5 15. b4 Qb6 16. cxb5 Nxd4 17. Qxd4 Qxd4 18. exd4 axb5 19. Nb1 Kf8 {½-½ (33) Kovalyov,A (2625)-Li,R (2404) Brownsville 2015}) 13. Qd2 {[%emt 0:06:33]} Qh5 {[%emt 0:07:06]} 14. Nxc6 {[%emt 0:05:08]} bxc6 {[%emt 0:00:21]} 15. Ne4 {[%emt 0:04:45]} Nxe4 {[%emt 0:20:01]} 16. Bxe4 {[%emt 0:00:31]} Bxb2 {[%emt 0:00:09]} 17. Qxb2 {[%emt 0:00:10]} Bf3 {[%emt 0:01:46]} 18. Bxf3 {[%emt 0:05:25]} Qxf3 {[%emt 0:00:05]} 19. Qe2 {[%emt 0:00:07]} Qxe2 {[%emt 0:03:38]} 20. Rxe2 {[%emt 0:00:08]} Rb8 {[%emt 0:04:03]} 21. e4 {[%emt 0:09:01]} Rb4 {[%emt 0:04:32]} 22. c5 {[%emt 0:05:05]} dxc5 {[%emt 0:03:03]} 23. Rc1 {[%emt 0:00:44]} c4 {[%emt 0:00:09]} 24. Rxc4 {[%emt 0:03:16]} Rxc4 {[%emt 0:00:29]} 25. bxc4 {[%emt 0:00:02]} Rb8 {[%emt 0:00:14]} 26. Rc2 {[%emt 0:04:43]} Kg7 {[%emt 0:01:28]} 27. e5 {[%emt 0:03:38]} g5 {[%emt 0:01:44]} 28. h3 {[%emt 0:01:40]} Kg6 {[%emt 0:00:48]} 29. g4 {[%emt 0:02:26]} Rb1+ {[%emt 0:03:37]} 30. Kg2 {[%emt 0:02:21]} Re1 {[%emt 0:00:06]} 31. h4 {[%emt 0:06:10]} (31. Rd2 $17) 31... Rxe5 {[%emt 0:00:44]} 32. h5+ {[%emt 0:01:10]} Kf6 {[%emt 0:00:49]} 33. Rc3 {[%emt 0:00:44]} Ra5 {[%emt 0:02:20]} 34. a3 {[%emt 0:00:48]} e6 {[%emt 0:06:18]} 35. Rf3+ {[%emt 0:00:35]} Ke7 {[%emt 0:00:07]} 36. Kg3 {[%emt 0:01:02]} Rc5 {[%emt 0:01:04]} 37. Rc3 {[%emt 0:00:55]} a5 {[%emt 0:01:30]} 38. Rc2 {[%emt 0:02:24]} f5 {[%emt 0:03:56]} 39. gxf5 {[%emt 0:00:44]} exf5 {[%emt 0:00:14]} 40. f4 {[%emt 0:01:02]} (40. Rb2 $17 {keeps fighting.}) 40... Kf6 {[%emt 0:31:23]} 41. a4 {[%emt 0:01:47]} gxf4+ {[%emt 0:00:00]} 42. Kxf4 {[%emt 0:00:51]} Re5 {[%emt 0:00:00]} 43. c5 {[%emt 0:08:05]} Re4+ {[%emt 0:00:00]} 44. Kf3 {[%emt 0:01:00]} Kg5 {[%emt 0:00:00]} 45. h6 {[%emt 0:03:10]} Rxa4 {[%emt 0:00:00]} 46. Rd2 {[%emt 0:01:24]} Ra3+ {[%emt 0:00:00]} 47. Kg2 {[%emt 0:00:26]} Rc3 {[%emt 0:00:00]} 48. Rd7 {[%emt 0:00:16]} Kxh6 {[%emt 0:00:00]} 49. Rd6+ {[%emt 0:00:10]} Kg5 {[%emt 0:00:00]} 50. Rxc6 {[%emt 0:00:20]} Kg4 {[%emt 0:00:00]} 51. Rc7 {[%emt 0:00:46]} Rc2+ {[%emt 0:00:00]} 52. Kg1 {[%emt 0:01:56]} h5 {[%emt 0:00:00]} 53. c6 {[%emt 0:00:45]} Kf3 {[%emt 0:00:00]} 54. Rc8 {[%emt 0:02:16]} f4 {[%emt 0:00:00]} (54... a4 $142 55. Ra8 f4) 55. c7 {[%emt 0:01:35]} h4 {[%emt 0:00:00]} 56. Ra8 {[%emt 0:01:02]} Rxc7 {[%emt 0:00:00]} 57. Rxa5 {[%emt 0:00:14]} Rc2 {[%emt 0:00:00]} (57... Rd7 $142 58. Kh2 Kf2 59. Ra2+ Ke3) 58. Ra1 {[%emt 0:01:53]} Kg3 {[%emt 0:00:00]} 59. Kh1 {[%emt 0:03:48]} f3 {[%emt 0:00:00]} 60. Rd1 {[%emt 0:02:46]} Rh2+ $19 {[%emt 0:00:00]} (60... h3 {mates} 61. Rg1+ Rg2 62. Rd1 h2 63. Rc1 Kh3 64. Rb1 Rg3 65. Rd1 f2 66. Rf1 Rg1+ 67. Rxg1 hxg1=R#) 1/2-1/2

[Event "DFMMLV 2017"]
[Site "Braunfels"]
[Date "2017.06.18"]
[Round "5"]
[White "Damrich, Alina"]
[Black "Vollstaedt-Klein, Sabine"]
[Result "1-0"]
[WhiteElo "1744"]
[BlackElo "1879"]
[Annotator "NA RC"]
[PlyCount "107"]
[EventDate "2017.??.??"]
[EventType "team-tourn"]
[EventCountry "GER"]
[SourceTitle "playchess.com"]
[Source "ChessBase"]
[SourceQuality "1"]
[TimeControl "40/5400+30:1800+30"]

{[%evp 10,107,58,40,79,-15,0,-23,-9,-21,-3,0,14,0,8,-12,22,11,64,-38,-45,-34,0,0,0,32767,34,-24,-13,-14,14,-19,32767,-21,18,10,61,32767,32767,32767,32767,32767,32767,32767,32767,32767,360,32767,32767,383,368,32767,321,347,32767,376,422,32767,358,32767,533,398,32767,404,32767,397,32767,32767,381,408,32767,32767,32767,393,400,413,1309,1189,1237,32767,543,510,467,546,480,631,584,32767,582,639,624,704,29989,29990,745,29992,841,29996,29994,29998]} 1. e4 {[%emt 0:00:00]} e5 {[%emt 0:00:08]} 2. Nf3 {[%emt 0:00:00]} Nc6 {[%emt 0:00:06]} 3. d4 {[%emt 0:00:09]} exd4 {[%emt 0:00:39]} 4. Nxd4 {[%emt 0:00:07]} Nge7 {[%emt 0:01:43]} 5. Bc4 {[%emt 0:03:28]} d6 {[%emt 0:02:10] C45: Scotch Game} (5... Nxd4 6. Qxd4 Nc6 7. Qd5 Qf6 8. O-O Ne5 9. Be2 c6 10. Qb3 Bc5 11. Be3 Bxe3 12. Qxe3 g5 13. Nd2 d6 14. Nc4 Nxc4 15. Bxc4 Be6 16. Bxe6 fxe6 {1-0 (38) Andreikin,D (2736)-Forsberg,V (2370) Stockholm 2016}) 6. Bg5 {[%emt 0:02:34]} h6 $146 {[%emt 0:04:08]} ({Predecessor:} 6... Nxd4 7. Qxd4 Be6 8. Bxe6 fxe6 9. f4 h6 10. Bxe7 Qxe7 11. Nc3 e5 12. Qc4 c6 13. O-O exf4 14. Rxf4 g5 15. Rf5 {1-0 (52) Jensen,B (2257)-Christensen,T (2330) Denmark 2007}) 7. Bh4 {[%emt 0:08:35]} (7. Nxc6 $14 bxc6 8. Be3) 7... g5 {[%emt 0:04:04]} 8. Bg3 {[%emt 0:01:17]} Bg7 {[%emt 0:00:45]} 9. c3 {[%emt 0:04:19]} Bd7 {[%emt 0:03:45]} 10. Na3 {[%emt 0:07:49]} Ng6 {[%emt 0:08:45]} 11. Nac2 {[%emt 0:08:41]} Qe7 {[%emt 0:03:10]} 12. Qe2 {[%emt 0:01:30]} a6 {[%emt 0:01:31]} 13. O-O-O {[%emt 0:04:07]} O-O-O {[%emt 0:03:50]} (13... h5 $11) 14. Bd5 {[%emt 0:07:57]} (14. Bxa6 $14 Nxd4 15. cxd4 (15. Nxd4 bxa6 16. Qxa6+ Kb8 $11)) 14... Nxd4 {[%emt 0:01:17]} 15. Nxd4 {[%emt 0:00:26]} Rhe8 {[%emt 0:06:37]} 16. Rhe1 {[%emt 0:05:14]} f5 {[%emt 0:10:08]} 17. f3 {[%emt 0:03:01]} fxe4 {[%emt 0:07:07]} (17... Bxd4 $5 18. cxd4 (18. Rxd4 f4 $11) 18... Be6 19. Bxe6+ Qxe6 $11) 18. Bxe4 {[%emt 0:06:16]} Qf7 {[%emt 0:03:23]} 19. Qc2 {[%emt 0:05:26]} Nf4 {[%emt 0:02:25]} 20. Bxf4 {[%emt 0:02:43]} Qxf4+ {[%emt 0:01:58]} 21. Kb1 {[%emt 0:01:21]} Qxh2 {[%emt 0:03:12]} (21... Bxd4 $5 22. cxd4 c6 $11) 22. Qb3 {[%emt 0:02:55]} c6 {[%emt 0:00:22]} 23. Nf5 {[%emt 0:06:08]} Be6 {[%emt 0:09:13]} 24. Qb6 {[%emt 0:04:36]} Bxf5 {[%emt 0:01:33]} 25. Bxf5+ {[%emt 0:00:07]} Kb8 {[%emt 0:00:15]} 26. Rxe8 {[%emt 0:04:21]} Rxe8 {[%emt 0:00:07]} 27. Bd7 {[%emt 0:00:08]} Qe5 $2 {[%emt 0:08:31]} (27... Rf8 $14) 28. Bxe8 {[%emt 0:02:51]} Qxe8 {[%emt 0:00:09]} 29. Rxd6 {[%emt 0:00:45]} Kc8 {[%emt 0:00:39]} 30. Rd2 {[%emt 0:02:29]} Qe1+ {[%emt 0:00:15]} 31. Kc2 {[%emt 0:00:16]} Bf6 {[%emt 0:00:54]} 32. Qc5 {[%emt 0:00:40]} Qe6 {[%emt 0:02:20]} 33. Qd6 {[%emt 0:01:31]} Qf5+ {[%emt 0:00:34]} 34. Kc1 {[%emt 0:00:44]} g4 {[%emt 0:00:35]} (34... Qe5 $142 35. g4 Qe7) 35. fxg4 {[%emt 0:02:36]} Qf1+ {[%emt 0:00:13]} 36. Kc2 {[%emt 0:00:22]} Bg5 {[%emt 0:00:13]} 37. Qe6+ {[%emt 0:00:37]} Kb8 {[%emt 0:00:31]} 38. Re2 {[%emt 0:01:19]} Ka7 {[%emt 0:01:13]} 39. Qe5 {[%emt 0:00:37]} Qc1+ {[%emt 0:02:41]} 40. Kb3 {[%emt 0:00:09]} Qd1+ {[%emt 0:30:19]} 41. Ka3 {[%emt 0:30:41]} Bf6 {[%emt 0:04:08]} 42. Qe3+ {[%emt 0:00:00]} ({Not} 42. Qxf6 Qxe2 43. Qxh6 Qxg4 $16) 42... b6 {[%emt 0:00:00]} (42... Ka8 $142 43. Qd2 Qg1 44. Re8+ Ka7 45. Qe3+ Qxe3 46. Rxe3 Bg5) 43. Rd2 {[%emt 0:00:00]} Qxg4 {[%emt 0:00:00]} 44. Qxh6 {[%emt 0:00:00]} Qe6 {[%emt 0:00:00]} 45. Qh7+ {[%emt 0:00:00]} Be7+ {[%emt 0:00:00]} 46. b4 {[%emt 0:00:00]} Kb8 {[%emt 0:00:00]} 47. Qd3 {[%emt 0:00:00]} a5 {[%emt 0:00:00]} 48. Re2 {[%emt 0:00:00]} axb4+ {[%emt 0:00:00]} 49. cxb4 {[%emt 0:00:00]} Qf6 {[%emt 0:00:00]} 50. Qe3 {[%emt 0:00:00]} Ka8 {[%emt 0:00:00]} 51. Qxe7 {[%emt 0:00:00]} Qc3+ $18 {[%emt 0:00:00]} 52. Ka4 {[%emt 0:00:00]} b5+ {[%emt 0:00:00]} 53. Ka5 {[%emt 0:00:00]} Qa3+ {[%emt 0:00:00]} 54. Kb6 {[%emt 0:00:00]} 1-0

[Event "DFMMLV 2017"]
[Site "Braunfels"]
[Date "2017.06.18"]
[Round "5"]
[White "Busch, Annette"]
[Black "Antczak, Lena"]
[Result "0-1"]
[WhiteElo "1637"]
[BlackElo "1754"]
[Annotator "NA"]
[PlyCount "66"]
[EventDate "2017.??.??"]
[EventType "team-tourn"]
[EventCountry "GER"]
[SourceTitle "playchess.com"]
[Source "ChessBase"]
[SourceQuality "1"]
[TimeControl "40/5400+30:1800+30"]

1. d4 {[%emt 0:00:00]} e6 {[%emt 0:00:06]} 2. Bf4 {[%emt 0:00:00]} f5 {[%emt 0:00:12]} 3. e3 {[%emt 0:00:00]} Nf6 {[%emt 0:00:06]} 4. Nf3 {[%emt 0:00:00]} d6 {[%emt 0:00:05]} 5. Bc4 {[%emt 0:00:41]} Be7 {[%emt 0:01:00]} 6. Nbd2 {[%emt 0:03:28]} O-O {[%emt 0:00:41]} 7. c3 {[%emt 0:01:41]} Qe8 {[%emt 0:02:06]} 8. Qe2 {[%emt 0:01:33]} a6 {[%emt 0:03:22]} 9. h3 {[%emt 0:00:56]} Nc6 {[%emt 0:03:08]} 10. O-O-O {[%emt 0:03:11]} b5 {[%emt 0:00:36]} 11. Bb3 {[%emt 0:00:38]} Na5 {[%emt 0:04:16]} 12. Bc2 {[%emt 0:03:03]} c5 {[%emt 0:03:42]} 13. g4 {[%emt 0:00:55]} b4 {[%emt 0:04:59]} 14. cxb4 {[%emt 0:16:59]} cxb4 {[%emt 0:00:16]} 15. gxf5 {[%emt 0:01:31]} exf5 {[%emt 0:00:10]} 16. Rhg1 {[%emt 0:06:18]} Qc6 {[%emt 0:04:48]} 17. Kb1 {[%emt 0:13:51]} Be6 {[%emt 0:01:54]} 18. Ng5 {[%emt 0:04:45]} Bd7 {[%emt 0:06:37]} 19. Rc1 {[%emt 0:02:13]} Qb7 {[%emt 0:02:08]} 20. Nb3 {[%emt 0:05:10]} Nc6 {[%emt 0:03:15]} 21. Qc4+ {[%emt 0:01:13]} d5 {[%emt 0:01:15]} 22. Qe2 {[%emt 0:01:08]} a5 {[%emt 0:02:37]} 23. Nc5 {[%emt 0:02:08]} Bxc5 {[%emt 0:02:18]} 24. dxc5 {[%emt 0:00:05]} a4 {[%emt 0:02:03]} 25. Bd3 {[%emt 0:11:04]} Rfe8 {[%emt 0:14:07]} 26. Qd2 {[%emt 0:02:51]} Ne4 {[%emt 0:03:27]} 27. Bxe4 dxe4 {[%emt 0:05:20]} 28. Qd5+ {[%emt 0:05:06]} Be6 {[%emt 0:00:41]} 29. Nxe6 {[%emt 0:00:40]} Kh8 {[%emt 0:03:31]} 30. Nd4 {[%emt 0:02:52]} Ra6 {[%emt 0:01:15]} 31. Nxc6 {[%emt 0:00:21]} Rxc6 {[%emt 0:00:08]} 32. Be5 {[%emt 0:01:47]} Rc7 {[%emt 0:01:35]} 33. Bxc7 {[%emt 0:00:56]} Qxd5 {[%emt 0:00:12]} 0-1

[Event "DFMMLV 2017"]
[Site "Braunfels"]
[Date "2017.06.18"]
[Round "5"]
[White "Semenova, Alisa"]
[Black "Landenberger, Anja Kathrin"]
[Result "1/2-1/2"]
[WhiteElo "1621"]
[BlackElo "1544"]
[Annotator "NA"]
[PlyCount "54"]
[EventDate "2017.??.??"]
[EventType "team-tourn"]
[EventCountry "GER"]
[SourceTitle "playchess.com"]
[Source "ChessBase"]
[SourceQuality "1"]
[TimeControl "40/5400+30:1800+30"]

1. e4 {[%emt 0:00:00]} c6 {[%emt 0:01:56]} 2. d4 {[%emt 0:00:00]} d5 {[%emt 0:00:17]} 3. Nc3 {[%emt 0:00:28]} dxe4 {[%emt 0:01:43]} 4. Nxe4 {[%emt 0:00:12]} Bf5 {[%emt 0:00:56]} 5. Ng3 {[%emt 0:01:29]} Bg6 {[%emt 0:01:03]} 6. Nf3 {[%emt 0:02:12]} e6 {[%emt 0:03:42]} 7. Bd3 {[%emt 0:07:16]} Bxd3 {[%emt 0:01:03]} 8. Qxd3 {[%emt 0:00:35]} Be7 {[%emt 0:03:16]} 9. Be3 {[%emt 0:08:54]} Nd7 {[%emt 0:04:39]} 10. O-O {[%emt 0:09:55]} Ngf6 {[%emt 0:05:55]} 11. c4 {[%emt 0:08:41]} O-O {[%emt 0:05:02]} 12. Rad1 {[%emt 0:05:30]} Qc7 {[%emt 0:04:11]} 13. Ng5 {[%emt 0:10:58]} Rfd8 {[%emt 0:09:07]} 14. Qe2 {[%emt 0:05:35]} Nf8 {[%emt 0:01:06]} 15. f4 {[%emt 0:05:16]} c5 {[%emt 0:12:20]} 16. f5 {[%emt 0:09:42]} cxd4 {[%emt 0:03:53]} 17. Rxd4 {[%emt 0:02:36]} Rxd4 {[%emt 0:09:44]} 18. Bxd4 {[%emt 0:00:08]} Bc5 {[%emt 0:00:17]} 19. Bxc5 {[%emt 0:02:25]} Qxc5+ {[%emt 0:00:02]} 20. Kh1 {[%emt 0:00:14]} Re8 {[%emt 0:07:00]} 21. N3e4 {[%emt 0:04:10]} Nxe4 {[%emt 0:03:51]} 22. Qxe4 {[%emt 0:03:54]} Qc6 {[%emt 0:03:02]} 23. Qxc6 {[%emt 0:05:13]} bxc6 {[%emt 0:00:13]} 24. fxe6 {[%emt 0:02:12]} f6 {[%emt 0:00:28]} 25. Nf3 {[%emt 0:01:05]} Rxe6 {[%emt 0:03:38]} 26. Re1 {[%emt 0:00:13]} Kf7 {[%emt 0:02:34]} 27. Kg1 {[%emt 0:01:19]} Rxe1+ {[%emt 0:03:17]} 1/2-1/2